000
00258nam a2200109Ia 4500
999
_c
8849
_d
8849
020
_a
978-0130910134
100
_a
Kip R.Irvine
245
0
_a
Assembly Language For Intel Based Computers
260
_a
Canada
_b
Prentice Hall
_c
2015
300
_a
384
942
_c
BK